| 000 | 00865cab a22002055a 4500 | ||
|---|---|---|---|
| 001 | E150548 | ||
| 008 | 100726s2010 xxko 000 0 eng d | ||
| 035 | _a(Sirsi) u150548 | ||
| 041 | 0 | _aeng | |
| 100 | 1 | _aMcKie, Alastair | |
| 245 | 0 | 0 | _aLinks with the past |
| 260 | _c2010 | ||
| 490 |
_aJournal of the Law Society of Scotland _v55(7) July 2010, 43(1) |
||
| 520 | _aDiscusses the current Historic Environment (Amendment) (Scotland) Bill 2010, which is of interest to those involved in property developments affecting ancient monuments, listed buildings, or buildings which may be listed in the future. (See E149939 for the Bill itself). | ||
| 590 | _aKA | ||
| 650 | 2 | 4 | _aHISTORIC ENVIRONMENT (AMENDMENT) (SCOTLAND) BILL 2010 |
| 651 | 4 |
_aScotland _y1999- |
|
| 690 | _aBUILT ENVIRONMENT-BUILDING TYPES-ANCIENT MONUMENTS AND HISTORIC BUILDINGS | ||
| 942 | _n0 | ||
| 999 |
_c82555 _d82555 |
||